| 000 | 00837nas a2200289 4500 | ||
|---|---|---|---|
| 001 | BR9000652 | ||
| 003 | BR-BrBNA | ||
| 005 | 20231205091812.0 | ||
| 007 | ta | ||
| 008 | 230509b bl.|||p| |||| 00| 00por d | ||
| 040 |
_aBR-BrBNA _bpor _cBiblioteca Nacional de Agricultura |
||
| 041 | _a(Pt) | ||
| 072 | _aF03 | ||
| 100 | 1 | _aCampo-Dall'orto, F.A. | |
| 100 | 1 | _aOjima, M. | |
| 100 | 1 | _aFerraz, E.S.B. | |
| 100 | 1 | _aMartins, F.P. | |
| 100 | 1 | _aIgue, T. | |
| 100 | 1 | _aRigitano, O. | |
| 245 | 1 | _aGerminacao das sementes de marmelo: meios e periodos de estratificacao e processos de preparo | |
| 650 | _aMARMELO | ||
| 650 | _aSEMENTE | ||
| 650 | _aGERMINACAO | ||
| 773 | 0 |
_tBragantia (Brazil) _xISSN 0006-8705 _g(1987), v. 46(Tomo 2) p. 315-328 _wBR9000652 |
|
| 909 |
_a202311 _bLúcia _c55 _dLúcia Elande |
||
| 942 |
_2AGRIS _n0 _cANA |
||
| 999 |
_c127439 _d127439 |
||